Quick Pick: Vegan or Not? Quiz Stats

 Plays Quiz Updated Sep 27, 2017

Challenge
Share
Tweet
Embed
Score 0/15 Timer 01:30
1 Play Today
% Correct
Avocado
98.4%
Coconut
96.9%
Mushrooms
96.2%
Lentils
95.4%
Olive oil
94.2%
Hummus
93.4%
Quinoa
93.2%
Tofu
92.7%
% Correct
Soy milk
92.2%
Couscous
91.3%
Sauerkraut
82.6%
Peanut butter
82%
Kombucha
76.9%
Tempeh
76.4%
Seitan
70.2%

Today's Daily Dose

Missing Word
Witch Songs

Word Ladder
Alabama

Quick Pick
Fanta Flavors

On This Day
October 15th II

You're not logged in!

Compare scores with friends on all Sporcle quizzes.
Join for Free
OR
Log In

You Might Also Like...

Show Comments

Extras

Top Quizzes Today


Score Distribution

Your Account Isn't Verified!

In order to create a playlist on Sporcle, you need to verify the email address you used during registration. Go to your Sporcle Settings to finish the process.

Report this User

Report this user for behavior that violates our Community Guidelines.

Details: